<?xml version="1.0" encoding="UTF-8"?><?xml-stylesheet type="text/xsl" href="static/style.xsl"?><OAI-PMH xmlns="http://www.openarchives.org/OAI/2.0/" xmlns:xsi="http://www.w3.org/2001/XMLSchema-instance" xsi:schemaLocation="http://www.openarchives.org/OAI/2.0/ http://www.openarchives.org/OAI/2.0/OAI-PMH.xsd"><responseDate>2026-04-13T04:57:59Z</responseDate><request verb="GetRecord" identifier="oai:www.recercat.cat:10459.1/69071" metadataPrefix="marc">https://recercat.cat/oai/request</request><GetRecord><record><header><identifier>oai:recercat.cat:10459.1/69071</identifier><datestamp>2024-12-05T22:51:06Z</datestamp><setSpec>com_2072_3622</setSpec><setSpec>col_2072_479130</setSpec></header><metadata><record xmlns="http://www.loc.gov/MARC21/slim" xmlns:dcterms="http://purl.org/dc/terms/" xmlns:xsi="http://www.w3.org/2001/XMLSchema-instance" xmlns:doc="http://www.lyncode.com/xoai" xsi:schemaLocation="http://www.loc.gov/MARC21/slim http://www.loc.gov/standards/marcxml/schema/MARC21slim.xsd">
   <leader>00925njm 22002777a 4500</leader>
   <datafield ind2=" " ind1=" " tag="042">
      <subfield code="a">dc</subfield>
   </datafield>
   <datafield ind2=" " ind1=" " tag="720">
      <subfield code="a">Lara Gallego, Beatriz</subfield>
      <subfield code="e">author</subfield>
   </datafield>
   <datafield ind2=" " ind1=" " tag="720">
      <subfield code="a">Carnes Vendrell, Anna</subfield>
      <subfield code="e">author</subfield>
   </datafield>
   <datafield ind2=" " ind1=" " tag="720">
      <subfield code="a">Dakterzada, Farida</subfield>
      <subfield code="e">author</subfield>
   </datafield>
   <datafield ind2=" " ind1=" " tag="720">
      <subfield code="a">Benítez, Iván</subfield>
      <subfield code="e">author</subfield>
   </datafield>
   <datafield ind2=" " ind1=" " tag="720">
      <subfield code="a">Piñol Ripoll, Gerard</subfield>
      <subfield code="e">author</subfield>
   </datafield>
   <datafield ind2=" " ind1=" " tag="260">
      <subfield code="c">2020-06-22T06:50:04Z</subfield>
   </datafield>
   <datafield ind2=" " ind1=" " tag="260">
      <subfield code="c">2021-05-25T22:31:21Z</subfield>
   </datafield>
   <datafield ind2=" " ind1=" " tag="260">
      <subfield code="c">2020</subfield>
   </datafield>
   <datafield ind2=" " ind1=" " tag="520">
      <subfield code="a">Background and purpose: The COVID epidemic is affecting individuals worldwide, and Alzheimer's disease (AD) and amnesic mild cognitive impairment (MCI) patients are at risk due to their characteristics and age. We analysed the impact of the pandemic on these patients' neuropsychiatric symptoms and their quality of life after five weeks of lockdown in Spain. &#xd;
Methods: We tested 40 subjects with a diagnosis of MCI (20) or mild AD (20) from the Cognitive Stimulation Program of Cognitive Disorders Unit. All patients had undergone a previous evaluation during the month before the lockdown, and they were re-evaluated after 5 weeks of lockdown. The Neuropsychiatric Inventory (NPI) and EuroQol-5D were used to evaluate the neuropsychiatric symptoms and quality of life of patients and caregivers. &#xd;
Results: The total baseline NPI score was 33.75 (22.28) vs 39.05 (27.96) after confinement (p=0.028). The most frequent neuropsychiatric symptoms affected were apathy (4.15 (3.78) vs 5.75 (4.02); p=0.002) and anxiety (3.95 (3.73) vs 5.30 (4.01); p=0.006) in MCI patients and apathy (2.35 (2.70) vs 3.75 (3.78); p=0.036), agitation (0.45 (1.14) vs 1.50 (2.66); p=0.029) and aberrant motor behaviour (1.25 (2.86) vs 2.00 (2.93); p=0.044) in AD patients. We did not observe differences in EuroQol-5D scores during the reevaluation. Approximately 30% of patients and 40% of caregivers reported a worsening of their health status during confinement. &#xd;
Conclusions: We have demonstrated the worsening of neuropsychiatric symptoms in patients with AD and MCI during 5 weeks of lockdown, with agitation, apathy and aberrant motor activity being the most affected symptoms.</subfield>
   </datafield>
   <datafield ind2=" " ind1=" " tag="520">
      <subfield code="a">This study was supported by the Generalitat of Catalonia, Department of Health (PERIS 2019 SLT008/18/00050) to GPR; FD was supported by Agency for Management of University and Research Grants (FI_B100153).</subfield>
   </datafield>
   <datafield ind1="8" ind2=" " tag="024">
      <subfield code="a">http://hdl.handle.net/10459.1/69071</subfield>
   </datafield>
   <datafield tag="653" ind2=" " ind1=" ">
      <subfield code="a">Alzheimer’s disease</subfield>
   </datafield>
   <datafield tag="653" ind2=" " ind1=" ">
      <subfield code="a">Anxiety</subfield>
   </datafield>
   <datafield tag="653" ind2=" " ind1=" ">
      <subfield code="a">Coronavirus</subfield>
   </datafield>
   <datafield tag="653" ind2=" " ind1=" ">
      <subfield code="a">COVID‐19</subfield>
   </datafield>
   <datafield tag="653" ind2=" " ind1=" ">
      <subfield code="a">Depression</subfield>
   </datafield>
   <datafield tag="653" ind2=" " ind1=" ">
      <subfield code="a">Mild Cognitive Impairment</subfield>
   </datafield>
   <datafield ind2="0" ind1="0" tag="245">
      <subfield code="a">Neuropsychiatric Symptoms and Quality of Life in Spanish Alzheimer's Disease Patients During COVID-19 Lockdown</subfield>
   </datafield>
   <datafield ind2="0" ind1="0" tag="245">
      <subfield code="a">COVID-19 and Alzheimer’s disease</subfield>
   </datafield>
</record></metadata></record></GetRecord></OAI-PMH>